Bando de buen gobierno que ha de regir en la villa de Sabadell según lo ordenado por el Escelentísimo [sic] Sr. Gobernador de la Provincia al dar el mismo su superior aprobación ...
Descripción Física:
50 p. ; 16 cm
Otros Autores:
Mena, Teodoro de
Materias:
Ordenances municipals -- Sabadell
MARC
| LEADER | 00000nam a2200000Ia 4500 | ||
|---|---|---|---|
| 001 | 16433 | ||
| 008 | 160829s1854 xx 000 0 cat d | ||
| 080 | |a 943, exp. 3 | ||
| 245 | |a Bando de buen gobierno que ha de regir en la villa de Sabadell según lo ordenado por el Escelentísimo [sic] Sr. Gobernador de la Provincia al dar el mismo su superior aprobación ... | ||
| 260 | |a Sabadell : |b (Imprenta de Cayetano Gaspar), |c 1854 | ||
| 300 | |a 50 p. ; |c 16 cm | ||
| 590 | |a Manuscrit i signat per Teodoro de Mena | ||
| 650 | |a Ordenances municipals |x Sabadell |9 48195 | ||
| 700 | |a Mena, Teodoro de |9 48196 | ||
| 901 | |a Arxiu | ||
| 942 | |n 1 | ||
| 952 | |0 0 |1 0 |4 0 |6 943_EXP_3 |7 1 |9 54384 |a Arxiu |b Arxiu |d 2016-12-01 |l 0 |o 943, exp. 3 |p 16433 |r 2016-12-01 00:00:00 |w 2016-12-01 |y ARXIU | ||
| 999 | |c 58253 |d 58253 | ||